000 00640nam a2200241Ia 4500
003 OSt
005 20221007074857.0
006 a|||||r|||| 00| 0
007 ta
008 221006b |||||||| |||| 00| 0 eng d
020 _cRs. 175/-
024 _a15,871
037 _cTextual
040 _aFLL
_cFLL
_beng
041 _2eng
_aeng
082 _aX6529.2.N7, M6
100 _aHaldar Dipak
_9693273
245 0 _aIndustrial security in India
260 _aNew Delhi
_bAshish Publishing House India
_c1986
300 _a239p
_ccm.
942 _hX6529.2.N7, M6
_cTEXL
_2CC
999 _c1154004
_d1154004